EToH Towers with Single-Letter Acronyms - Statistics

General Stats
  • This quiz has been taken 194 times
    67 since last reset
  • The average score is 22 of 25
Answer Stats
Acronym Tower % Correct
ToA Tower of Anger
100%
ToH Tower of Hecc
100%
ToR Tower of Rage
100%
ToS Tower of Stress
100%
ToC Tower of Confusion
98%
ToK Tower of Killjoys
98%
ToM Tower of Madness
98%
ToB Tower of Buttons
95%
ToD Tower of Despair
95%
ToI Tower of Inception
93%
ToG Tower of Genesis
91%
ToT Tower of Traps
91%
ToE Tower of Elysium
88%
ToF Tower of Fatness
88%
ToL Tower of Linonophobia
86%
ToP Tower of Peace
86%
ToU Tower of Ultraviolet
86%
ToZ Tower of Zespluz
86%
ToJ Tower of Jazz
84%
ToO Tower of Oblivion
84%
ToN Tower of Niflheim
81%
ToW Tower of Watts
81%
ToY Tower of Yore
81%
ToV Tower of Versatility
74%
ToX Tower of Xanthophobia
74%
No matching quizzes found
Score Distribution
Percent of People with Each Score
Percentile by Number Answered
Your Score History
You have not taken this quiz since the last reset